[Event "AUTO-OPEN-303"]
[Site "http://www.queenalice.com/game.php?id=79539"]
[Date "2006.6.23"]
[Round "1"]
[White "kaipivarov"]
[Black "romanopff"]
[Result "1-0"]
[WhiteElo "1500"]
[BlackElo "1397"]

1. d4 d5 2. c4 dxc4 3. Nf3 f6 4. e4 Nc6 5. d5 Ne5 6. Nxe5 fxe5 7. Qh5+ g6 8.
Qxe5 Nf6 9. Bxc4 c6 10. dxc6 bxc6 11. O-O Rg8 12. Bxg8 Nxg8 13. Qh8 Nf6 14. Bh6
Kd7 15. Rd1+ Kc7 16. Rxd8 Kxd8 17. Qxf8+ Ne8 18. Nc3 Rb8 19. Rd1+ Bd7 20. Bg5
Kc7 21. Qxe7 Nd6 22. Qxd6+ Kb6 23. Qxd7 Rb7 24. Be3+ Ka6 25. Qxc6+ 1-0

[Event "AUTO-OPEN-303"]
[Site "http://www.queenalice.com/game.php?id=79540"]
[Date "2006.6.23"]
[Round "1"]
[White "romanopff"]
[Black "kaipivarov"]
[Result "0-1"]
[WhiteElo "1390"]
[BlackElo "1574"]

1. e4 e5 2. Bb5 Nf6 3. Nc3 Bc5 4. d4 exd4 5. Nd5 Ng8 6. c3 c6 7. cxd4 Bf8 8. Nc3
cxb5 9. Nxb5 a6 10. Nc3 Bb4 11. Ne2 Nf6 12. O-O O-O 13. Bg5 h6 14. Bxf6 Qxf6 15.
a3 Ba5 16. Nd5 Qd8 17. b4 Bc7 18. Rc1 Nc6 19. Nxc7 Qxc7 20. d5 Qe5 21. dxc6 dxc6
22. f3 Be6 23. Rc5 Qb2 24. Qa1 Qxe2 25. Rc2 Qxc2 26. Rf2 Qd3 27. a4 Rad8 28. Rf1
Qe3+ 29. Kh1 Rd2 30. h3 Qe2 31. Kg1 Qxg2# 0-1

[Event "AUTO-OPEN-303"]
[Site "http://www.queenalice.com/game.php?id=79541"]
[Date "2006.6.23"]
[Round "1"]
[White "kaipivarov"]
[Black "rico"]
[Result "1-0"]
[WhiteElo "1500"]
[BlackElo "1032"]

1. d4 Nf6 2. c4 c5 3. d5 Qc7 4. Nc3 Qa5 5. Bd2 Qb6 6. Nf3 Qxb2 7. e3 Na6 8. Be2
Nb4 9. O-O Nc2 10. Rb1 Qa3 11. Qxc2 e6 12. Nb5 Qa6 13. Nc7+ Kd8 14. Nxa6 bxa6
15. Ne5 Ke8 16. e4 exd5 17. exd5 d6 18. Nc6 g6 19. Bf3 Bf5 20. Rfe1+ Kd7 21. Qb2
Bxb1 22. Qb7# 1-0

[Event "AUTO-OPEN-303"]
[Site "http://www.queenalice.com/game.php?id=79542"]
[Date "2006.6.23"]
[Round "1"]
[White "rico"]
[Black "kaipivarov"]
[Result "0-1"]
[WhiteElo "1032"]
[BlackElo "1500"]

1. e3 e5 2. Nf3 Nc6 3. Bc4 e4 4. Ng5 Qxg5 5. Nc3 Qxg2 6. Ke2 Nf6 7. Rg1 Qxh2 8.
Rh1 Qg2 9. Nd5 Nxd5 10. Bxd5 d6 11. b3 Bg4+ 12. Ke1 Qxh1# 0-1

[Event "AUTO-INT-272"]
[Site "http://www.queenalice.com/game.php?id=139365"]
[Date "2006.12.10"]
[Round "1"]
[White "kaipivarov"]
[Black "Capelense"]
[Result "1-0"]
[WhiteElo "1687"]
[BlackElo "1618"]

1. c4 e5 2. Nc3 Nf6 3. Nf3 Nc6 4. g3 Bb4 5. Bg2 d6 6. O-O O-O 7. d3 h6 8. Bd2
Bg4 9. h3 Be6 10. e4 Qd7 11. Kh2 Nh7 12. Nh4 Ne7 13. f4 Ng6 14. f5 Nxh4 15. fxe6
Qxe6 16. gxh4 f5 17. exf5 Rxf5 18. Bd5 1-0

[Event "AUTO-INT-272"]
[Site "http://www.queenalice.com/game.php?id=139366"]
[Date "2006.12.10"]
[Round "1"]
[White "Capelense"]
[Black "kaipivarov"]
[Result "0-1"]
[WhiteElo "1713"]
[BlackElo "1736"]

1. e4 d6 2. d4 Nf6 3. Nc3 g6 4. Bg5 Bg7 5. Nf3 O-O 6. Bc4 Nxe4 7. Nxe4 d5 8.
Bxd5 Qxd5 9. Nc3 Qd6 10. O-O Nc6 11. Be3 Bg4 12. h3 Bxf3 13. Qxf3 Nxd4 14. Bxd4
Qxd4 15. Qxb7 Rab8 16. Qxc7 Rxb2 17. Ne2 Qe4 18. Ng3 Rxc2 19. Qxa7 Qa8 20. Qxa8
Rxa8 21. Rfc1 Raxa2 22. Rxa2 Rxc1+ 23. Kh2 Be5 24. Re2 Bd6 25. h4 h5 26. f3 f5
27. f4 Bxf4 28. Rxe7 g5 29. hxg5 h4 30. Re8+ Kf7 31. Ra8 Bxg3+ 0-1

[Event "AUTO-INT-272"]
[Site "http://www.queenalice.com/game.php?id=139367"]
[Date "2006.12.10"]
[Round "1"]
[White "kaipivarov"]
[Black "rmvwoods"]
[Result "1-0"]
[WhiteElo "1709"]
[BlackElo "1734"]

1. c4 e5 2. Nc3 Nf6 3. Nf3 e4 4. Ng5 Qe7 5. Qc2 d6 6. Ngxe4 Bf5 7. Nxd6+ cxd6 8.
Qxf5 g6 9. Qc2 Bg7 10. e4 Nc6 11. d3 O-O 12. Be2 Nd4 13. Qd1 Nd7 14. h4 f5 15.
Nd5 Qf7 16. Be3 b6 17. h5 fxe4 18. dxe4 Ne6 19. Qd2 g5 20. h6 Bxh6 21. Rxh6 Nf4
22. Bxf4 gxf4 23. O-O-O Kg7 24. Rdh1 Rh8 25. Bh5 Qg8 26. Qc3+ Ne5 27. Rxd6 1-0

[Event "AUTO-INT-272"]
[Site "http://www.queenalice.com/game.php?id=139368"]
[Date "2006.12.10"]
[Round "1"]
[White "rmvwoods"]
[Black "kaipivarov"]
[Result "0-1"]
[WhiteElo "1721"]
[BlackElo "1758"]

1. e4 d6 2. Nf3 Nf6 3. Nc3 g6 4. d4 Bg7 5. Bd3 O-O 6. Bg5 c6 7. O-O h6 8. Bh4
Bg4 9. h3 Bxf3 10. Qxf3 e5 11. d5 Nbd7 12. Rad1 Qc7 13. Rd2 cxd5 14. exd5 a6 15.
Be4 Nxe4 16. Nxe4 f5 17. Nc3 Rae8 18. Qe2 e4 19. f3 Qb6+ 20. Kh1 Qxb2 21. Nd1
Qxa2 22. c4 exf3 23. Qd3 fxg2+ 24. Kxg2 Qa4 25. Re2 Ne5 26. Qb1 Qxc4 27. Nc3
Qxh4 28. Qxb7 f4 29. Ref2 Qg3+ 0-1

[Event "AUTO-INT-272"]
[Site "http://www.queenalice.com/game.php?id=171019"]
[Date "2007.2.19"]
[Round "2"]
[White "gmoney1970"]
[Black "kaipivarov"]
[Result "1-0"]
[WhiteElo "1662"]
[BlackElo "1809"]

1. e3 e5 2. Qh5 Nc6 3. Bb5 Nf6 4. Qf3 d5 5. Bxc6+ bxc6 6. b3 Bd6 7. Bb2 O-O 8.
c4 e4 9. Qd1 Ng4 10. h3 Qh4 11. g3 Bxg3 12. Qxg4 1-0

[Event "AUTO-INT-272"]
[Site "http://www.queenalice.com/game.php?id=171020"]
[Date "2007.2.19"]
[Round "2"]
[White "kaipivarov"]
[Black "gmoney1970"]
[Result "0-1"]
[WhiteElo "1838"]
[BlackElo "1638"]

1. c4 e6 2. Nc3 Qf6 3. d4 e5 4. Nd5 Qc6 5. Nf3 exd4 6. Nxd4 Qxc4 7. e4 Qc5 8.
Be3 Qd6 9. Nb5 Qe5 10. Nbxc7+ Kd8 0-1

[Event "AUTO-INT-272"]
[Site "http://www.queenalice.com/game.php?id=171021"]
[Date "2007.2.19"]
[Round "2"]
[White "mardlucca"]
[Black "kaipivarov"]
[Result "0-1"]
[WhiteElo "1681"]
[BlackElo "1797"]

1. e4 d6 2. d4 Nf6 3. Nc3 g6 4. Nf3 Bg7 5. Be2 O-O 6. O-O Bg4 7. h3 Bxf3 8. Bxf3
Nc6 9. Be3 e5 10. dxe5 dxe5 11. Qxd8 Rfxd8 12. Rad1 Nd4 13. Rd2 Nxf3+ 14. gxf3
Rxd2 15. Bxd2 Rd8 16. Rd1 Nh5 17. Nb5 Bh6 0-1

[Event "AUTO-INT-272"]
[Site "http://www.queenalice.com/game.php?id=171022"]
[Date "2007.2.19"]
[Round "2"]
[White "kaipivarov"]
[Black "mardlucca"]
[Result "1-0"]
[WhiteElo "1784"]
[BlackElo "1681"]

1. c4 e5 2. Nc3 Nf6 3. Nf3 Nc6 4. g3 Bb4 5. Nd5 d6 6. Nxb4 Nxb4 7. d3 O-O 8. a3
Nc6 9. Bg2 Bd7 10. O-O h6 11. d4 Na5 12. dxe5 Ng4 13. exd6 Nxc4 14. dxc7 Qxc7
15. Bf4 Qb6 16. Qxd7 Rfd8 17. Qxg4 1-0